000 00301 a2200121 4500
001 147486
040 _cEscola São Tomás de Aquino
240 1 0 _aBranca de neve e os sete anões
_lpor
245 1 0 _aBranca de neve e os sete anões
440 1 _aRecord
697 _a*LITERATURA INFANTIL
942 _cBK
999 _c147486
_d147486